000 00840cab a2200277 4500
001 WB3127-11
008 090401t1995 xxu||||| |||| 00| 0 eng d
035 _a(Sirsi) u28859
041 _aeng
245 _aDemand for coal
260 _c1995
350 _a0
490 _aFinancial Times
_v10 July 1995, 8(1)
520 _aDemand for natural gas will continue to grow but demand for coal in the UK is predicted to fall by half in the next five years. "UK energy and the environment" Cambridge Econometrics £1,250.
650 _aCARBON DIOXIDE EMISSIONS
650 _aCOAL MARKET
650 _aDEMAND
650 _aFORECASTS
650 _aNATURAL GAS
650 _aNUCLEAR POWER
650 _aPETROL
650 _aPOLLUTION
690 _aENVIRONMENTAL AND LAND CONSULTANCY-ENERGY
942 _n0
948 _c04/03/1997
999 _c19413
_d19413